[Event "ICA PM (Reserve)"]
[Site "Boise, ID"]
[Date "2013.09.21"]
[Round "1.3"]
[White "Roberts, Zane A"]
[Black "Porth, Dylan"]
[Result "1-0"]
[WhiteElo "1237"]
[BlackElo "721"]
[EventRounds "5"]
[EventCountry "USA"]

1. e4 e6 2. d4 d5 3. e5 c5 4. Nf3 cxd4 5. Nxd4 Bc5 6. Qg4 Qb6 7. c3 Nc6 8. Bb5
Nge7 9. O-O Bd7 10. Bxc6 Nxc6 11. Nxc6 Bxc6 12. Qxg7 O-O-O 13. b4 Rdg8 14.
Qxf7 Bxf2+ 15. Qxf2 Rf8 16. Qxb6 axb6 17. Rxf8+ Rxf8 18. Be3 d4 19. Bxd4 Rg8
20. g3 Kc7 21. Nd2 Rf8 22. Rf1 Ra8 23. Rf7+ Bd7 24. Bxb6+ Kxb6 25. Rxd7 Rxa2
26. Kf2 Rc2 27. Rd3 Kb5 28. Ke3 Ka4 29. Rd7 Rxc3+ 30. Kd4 Kxb4 31. Rxb7+ Ka4
32. Kxc3 Ka5 33. Kc4 Ka6 34. Rb1 Ka5 35. h4 h6 36. h5 Ka6 37. Kc5 Ka7 38. Kc6
Ka8 39. Kc7 Ka7 40. Ra1# 1-0

[Event "ICA PM (Reserve)"]
[Site "Boise, ID"]
[Date "2013.09.21"]
[Round "1.5"]
[White "Porth, Desmond"]
[Black "Porth, Darwin Albert"]
[Result "1-0"]
[WhiteElo "1050"]
[BlackElo "495"]
[EventRounds "5"]
[EventCountry "USA"]

1. e4 e6 2. Nf3 d5 3. exd5 exd5 4. d4 c6 5. Bd3 Qe7+ 6. Be3 Qc7 7. O-O Nf6 8.
Re1 Bb4 9. Bf4+ Qe7 10. Rxe7+ Bxe7 11. Qe2 O-O 12. Qxe7 Bg4 13. Bd6 h6 14.
Qxf8# 1-0

[Event "ICA PM (Reserve)"]
[Site "Boise, ID"]
[Date "2013.09.21"]
[Round "2.3"]
[White "Blake, Isaac RR"]
[Black "Porth, Desmond"]
[Result "0-1"]
[WhiteElo "871"]
[BlackElo "1050"]
[EventRounds "5"]
[EventCountry "USA"]

1. Nf3 c6 2. d3 d5 3. Nbd2 Nf6 4. g3 Bf5 5. Bg2 Nbd7 6. O-O e5 7. e4 dxe4 8.
dxe4 Nxe4 9. Nxe4 Bxe4 10. Re1 Bxf3 11. Qxf3 Bc5 12. Be3 Qb6 13. Bxc5 Qxc5 14.
c3 O-O 15. Rad1 Rad8 16. Bh3 Nf6 17. Qe3 Qxe3 18. fxe3 b5 19. e4 Rxd1 20. Rxd1
Nxe4 21. Re1 Ng5 22. Bg2 e4 23. Bxe4 Nxe4 24. Rxe4 Rd8 25. b4 Kf8 26. a3 Rd6
27. Kf2 Rd2+ 28. Re2 Rxe2+ 29. Kxe2 Ke7 30. Kd3 Kd6 31. Kd4 f5 32. c4 a6 33.
c5+ Ke6 34. Ke3 Kd5 35. Kd3 g5 36. Kc3 Ke4 37. g4 f4 38. Kd2 f3 39. Ke1 Kf4
40. Kf2 Ke4 41. Ke1 Kd3 42. Kf2 Kc3 43. Kxf3 Kb3 44. h4 gxh4 45. g5 Kxa3 46.
Kg4 h3 47. Kxh3 Kxb4 48. Kh4 a5 49. Kh5 a4 50. Kh6 a3 51. Kxh7 a2 52. g6 a1=Q
53. g7 Qxg7+ 54. Kxg7 Kxc5 {#R} 0-1

[Event "ICA PM (Reserve)"]
[Site "Boise, ID"]
[Date "2013.09.21"]
[Round "2.5"]
[White "Porth, Dylan"]
[Black "Porth, Darwin Albert"]
[Result "1-0"]
[WhiteElo "721"]
[BlackElo "495"]
[EventRounds "5"]
[EventCountry "USA"]

1. e4 e6 2. d4 d5 3. e5 Bb4+ 4. Bd2 Bxd2+ 5. Nxd2 Nd7 6. Ngf3 c6 7. Bd3 Ne7 8.
Qe2 O-O 9. c4 h6 10. cxd5 cxd5 11. Bb5 a6 12. Ba4 b5 13. Bc2 Qc7 14. Rc1 Nf5
15. O-O Qa7 16. Bxf5 exf5 17. Nh4 Qxd4 18. Nxf5 Qxb2 19. Qg4 Nf6 20. Qxg7# 1-0

[Event "ICA PM (Reserve)"]
[Site "Boise, ID"]
[Date "2013.09.21"]
[Round "3.2"]
[White "Porth, Desmond"]
[Black "Knoll, Lucas"]
[Result "1-0"]
[WhiteElo "1050"]
[BlackElo "1183"]
[EventRounds "5"]
[EventCountry "USA"]

1. e4 e5 2. Nf3 Nc6 3. Bb5 a6 4. Ba4 Nf6 5. O-O b5 6. Bb3 d6 7. Ng5 d5 8. exd5
Nxd5 9. Qf3 Be6 10. Nxe6 fxe6 11. Re1 Qd6 12. Nc3 Nd4 13. Qh5+ g6 14. Qxe5
Qxe5 15. Rxe5 Nb4 16. Bxe6 Nxe6 17. Rxe6+ Kd7 18. Re4 Nxc2 19. Rb1 Bc5 20. d3
Rhf8 21. Be3 Nxe3 22. fxe3 Rae8 23. Re1 b4 24. Rxe8 Rxe8 25. Ne4 Be7 26. Rc1
Kc8 27. Kf2 Rd8 28. Ke2 Bf8 29. Rc6 Kb7 30. Rc4 Kb6 31. Ng5 Ka5 32. Ne6 Rb8
33. Nxf8 Rxf8 34. Rxc7 h5 35. d4 Kb6 36. Rc4 Kb5 37. b3 a5 38. Kd3 Rf2 39. Rc2
{#r} 1-0

[Event "ICA PM (Reserve)"]
[Site "Boise, ID"]
[Date "2013.09.22"]
[Round "4.1"]
[White "Lang, Jamie"]
[Black "Porth, Desmond"]
[Result "1/2-1/2"]
[WhiteElo "1380"]
[BlackElo "1050"]
[EventRounds "5"]
[EventCountry "USA"]

1. e4 c6 2. d4 d5 3. exd5 cxd5 4. Nc3 Bf5 5. Bb5+ Nc6 6. Nf3 e6 7. Ne5 Qb6 8.
O-O Bb4 9. Qh5 Bg6 10. Nxg6 fxg6 11. Qg4 Nge7 12. Qxe6 Bxc3 13. Bxc6+ Qxc6 14.
Qxc6+ bxc6 15. bxc3 O-O 16. Ba3 Rfe8 17. g4 g5 18. Bc5 Ng6 19. Rab1 a6 20. Rb6
Nf4 21. Rxc6 Ne2+ 22. Kg2 Nxc3 23. Rd6 Re2 24. a3 Rxc2 25. Bb4 h6 26. Bxc3
Rxc3 27. Ra1 Rd3 28. Rxd5 Rc8 29. Rd6 Rcc3 30. Rxa6 Rxd4 31. a4 Rxg4+ 32. Kf1
Rcc4 33. Ra8+ Kh7 34. a5 Ra4 35. Rxa4 Rxa4 36. a6 h5 37. a7 g4 38. Kg2 Kg6 39.
Kg3 Ra3+ 40. Kf4 Ra4+ 41. Ke5 Kg5 42. Ke6 Kh4 43. Kf5 Kh3 44. Kg6 Ra5 45. Rh8
Rxa7 46. Rxh5+ Kg2 47. Rh4 Kf3 48. Kg5 Ra4 49. Kg6 Ra7 {#d} 1/2-1/2

[Event "ICA PM (Reserve)"]
[Site "Boise, ID"]
[Date "2013.09.22"]
[Round "4.3"]
[White "Knoll, Lucas"]
[Black "Porth, Dylan"]
[Result "1-0"]
[WhiteElo "1183"]
[BlackElo "721"]
[EventRounds "5"]
[EventCountry "USA"]

1. e4 e6 2. d4 d5 3. f3 Nc6 4. Bb5 Bd7 5. Nc3 Bb4 6. Nge2 Nge7 7. a3 Ba5 8.
Bd2 a6 9. Ba4 Bb6 10. Be3 O-O 11. Nf4 dxe4 12. fxe4 e5 13. Nfd5 Bxd4 14. Nxe7+
Qxe7 15. Bxc6 Bxc3+ 16. bxc3 Bxc6 17. Qg4 Qe6 18. Qg3 Qc4 19. Bh6 Qxe4+ 20.
Qe3 Rfe8 21. Qxe4 Bxe4 22. Be3 Bxc2 23. O-O Rad8 24. Rf2 Rd3 25. Bc5 Red8 26.
Rxc2 Rd1+ 27. Rxd1 Rxd1+ 28. Kf2 e4 29. Ke3 f5 30. Rf2 Rd3+ 31. Ke2 g6 32. Bd4
Kf7 33. g4 Ke6 34. gxf5+ gxf5 35. Rf1 b6 36. Rb1 Rh3 37. Bg1 Rxc3 38. Bxb6
cxb6 39. Rxb6+ Ke5 40. Rxa6 Rc2+ 41. Ke1 Rxh2 42. Ra5+ Kf4 43. Ra4 h5 44. Rb4
h4 45. Rb3 h3 46. Kf1 Rh1+ 47. Kf2 Rh2+ 48. Kg1 Kg4 49. Kxh2 f4 50. Rxh3 f3
51. Rg3+ Kf4 {#r} 1-0

[Event "ICA PM (Reserve)"]
[Site "Boise, ID"]
[Date "2013.09.22"]
[Round "4.5"]
[White "Porth, Darwin Albert"]
[Black "Pelton, Reid"]
[Result "1/2-1/2"]
[WhiteElo "495"]
[BlackElo "541"]
[EventRounds "5"]
[EventCountry "USA"]

1. e4 e5 2. Nf3 Nc6 3. d4 Nxd4 4. Nxd4 exd4 5. Qxd4 d6 6. Qd1 Nf6 7. Nc3 c6 8.
Bg5 Be7 9. Qd2 d5 10. Bxf6 Bxf6 11. Rd1 dxe4 12. Nxe4 Be6 13. Qd3 Qxd3 14.
Rxd3 O-O 15. Be2 Bf5 16. Bf3 Bxe4 17. Bxe4 Rad8 18. O-O Rxd3 19. cxd3 Rd8 20.
Rd1 a6 21. Rc1 Rd6 22. f4 Rd4 23. f5 Bg5 24. Rc5 g6 {And at this point, I
cannot figure out what happened in the game anymore. I only had one score
sheet with which to work. The other score was on a MonRoi, but the player did
not save the game.--Roland} {#d} 1/2-1/2

[Event "ICA PM (Reserve)"]
[Site "Boise, ID"]
[Date "2013.09.22"]
[Round "5.1"]
[White "Roberts, Zane A"]
[Black "Porth, Desmond"]
[Result "0-1"]
[WhiteElo "1237"]
[BlackElo "1050"]
[EventRounds "5"]
[EventCountry "USA"]

1. e4 c6 2. d4 d5 3. exd5 cxd5 4. c4 Nf6 5. Nf3 Bf5 6. Qb3 b6 7. Nc3 e6 8.
cxd5 Nxd5 9. Bb5+ Nd7 10. Nxd5 exd5 11. Qxd5 Bb4+ 12. Bd2 Bxd2+ 13. Kxd2 Be6
14. Rhe1 O-O 15. Qg5 f6 16. Qh5 Ne5 17. Nxe5 Qxd4+ 18. Nd3 Bc4 19. Bxc4+ Qxc4
20. b3 Qa6 21. Re3 Rfd8 22. Qe2 Qa5+ 23. Kc2 Rac8+ 24. Kd1 Qc3 25. Rb1 g5 26.
Qd2 Qd4 27. Rc1 Rb8 28. Rc4 Qa1+ 29. Ke2 Qg1 30. Qc3 Qxg2 31. Qxf6 Rf8 32.
Qe6+ Kh8 33. Rg4 Qxh2 34. Rxg5 Rbc8 35. Reg3 Rfe8 36. Qxe8+ Rxe8+ 37. Ne5 h6
38. Rf5 Qh1 39. Ke3 Qe1+ 40. Kf4 Qxf2+ 41. Kg4 Rg8+ 42. Kh5 {#R} 0-1

[Event "ICA PM (Reserve)"]
[Site "Boise, ID"]
[Date "2013.09.22"]
[Round "5.4"]
[White "Porth, Dylan"]
[Black "Pelton, Reid"]
[Result "1/2-1/2"]
[WhiteElo "721"]
[BlackElo "541"]
[EventRounds "5"]
[EventCountry "USA"]

1. e4 e5 2. Nf3 Nc6 3. Nc3 Nf6 4. d3 d6 5. Be2 Bg4 6. Be3 Bxf3 7. Bxf3 Be7 8.
O-O O-O 9. Bg5 Qd7 10. Bxf6 Bxf6 11. Bg4 Qe7 12. Nd5 Qd8 13. a3 Ne7 14. Nxe7+
Bxe7 15. Bf5 Bg5 16. Qg4 Qf6 17. Qh3 Qh6 18. Qxh6 Bxh6 19. c3 b6 20. d4 exd4
21. cxd4 c5 22. dxc5 dxc5 23. Rad1 Rfd8 24. Rxd8+ Rxd8 25. b4 cxb4 26. axb4 a5
27. bxa5 bxa5 28. Ra1 Ra8 29. e5 g6 30. Be4 Ra7 31. g3 a4 32. f4 a3 33. Bd5
Kg7 34. Kf2 f6 35. exf6+ Kxf6 36. Ke2 g5 37. fxg5+ Bxg5 38. Kd3 Ke5 39. Bg8 h5
40. Kc4 h4 41. Kb3 hxg3 42. hxg3 Be7 43. g4 Kf6 44. Bc4 Kg5 45. Be6 Kf6 46.
Bf5 Bd6 47. Bc8 Bf8 48. Kc4 Kg5 49. Be6 Kf4 50. Kd3 Ke5 51. Bf5 Kd5 52. Ke3
Kc4 53. Kd2 Kb3 54. Kc1 a2 55. Be6+ Kb4 56. Bxa2 Rc7+ 57. Kd2 Rg7 58. Rg1 Ka3
59. Be6 Rg6 60. Bf5 Rg5 61. Ke3 Bc5+ 62. Kf4 Bxg1 63. Kxg5 Be3+ 64. Kh5 Kb4
65. Kg6 Kc5 66. Kf7 Kd5 67. Kf6 Kc4 68. Ke5 Kc3 69. Ke4 Bc1 70. Kd5 Kd2 71. g5
Bb2 72. g6 Ke3 73. Ke6 Kf4 74. Bb1 Kg5 75. Kf7 Kh6 76. Ke6 Kg5 77. Kf7 Kh6 78.
Kg8 Kh5 79. Kh7 Kg5 80. Bc2 Kf4 81. Kh6 Kg4 82. Bb1 Kf4 83. Kh5 Ke3 84. Kg5
Kd2 85. Kh6 Kc1 86. Bf5 Bc3 87. Kh7 Kb2 88. g7 Bxg7 89. Kxg7 {#d} 1/2-1/2

[Event "SIO (Reserve)"]
[Site "Twin Falls, ID"]
[Date "2013.11.02"]
[Round "1.1"]
[White "Murphy, Andre R"]
[Black "Porth, Desmond"]
[Result "0-1"]
[WhiteElo "775"]
[BlackElo "1308"]
[EventRounds "4"]
[EventCountry "USA"]

1. d4 d5 2. Nf3 Bf5 3. e3 e6 4. Be2 c5 5. Nbd2 Nc6 6. b3 Nb4 7. Bb5+ Ke7 8.
O-O Bxc2 9. Qe2 Qb6 10. Bb2 a6 11. Ba4 Bd3 12. Qe1 Nc2 13. Qc1 Nxa1 14. Qxa1
Bxf1 15. Qxf1 Kd8 16. Ne5 Qc7 17. Ndf3 Rb8 18. Ng5 f6 19. Ngf7+ Ke7 20. Nxh8
fxe5 21. dxe5 b5 22. Qd3 g6 23. Nxg6+ hxg6 24. Qxg6 Qa5 25. Qh7+ Ke8 26. h3
Ne7 27. Qc2 bxa4 28. bxa4 Rc8 29. Bc3 Qb6 30. Qd2 c4 31. Ba5 Qc6 32. Bc3 Nf5
33. g3 Qxa4 34. h4 Bc5 35. h5 Ke7 36. g4 Nh4 37. Qe2 Bb4 38. Kh2 Bxc3 39. Kg3
Bxe5+ 40. f4 Bf6 41. g5 Bxg5 42. fxg5 c3 43. Qf2 c2 44. Qf6+ Kd6 45. h6 c1=Q
46. h7 Qxe3+ 47. Kh2 Qc2+ 48. Kh1 Qg2# 0-1

[Event "SIO (Reserve)"]
[Site "Twin Falls, ID"]
[Date "2013.11.02"]
[Round "2.1"]
[White "Porth, Desmond"]
[Black "Knoll, Lucas"]
[Result "1-0"]
[WhiteElo "1308"]
[BlackElo "1158"]
[EventRounds "4"]
[EventCountry "USA"]

1. e4 d5 2. exd5 Nf6 3. Bc4 Nxd5 4. Nf3 Bg4 5. d3 Nc6 6. O-O Nd4 7. Nbd2 Qd7
8. h3 Nxf3+ 9. Nxf3 Bh5 10. g4 Bg6 11. Ne5 Qe6 12. Nxg6 hxg6 13. Qf3 O-O-O 14.
Be3 Qf6 15. Qxf6 Nxf6 16. Kg2 e6 17. a4 Nd5 18. Bxa7 b6 19. a5 Kb7 20. axb6
Nf4+ 21. Kg3 Rd4 22. Ba6+ Kc6 23. Rh1 Bd6 24. b7 Nxh3+ 25. Kf3 Rf4+ 26. Ke2
Bc5 27. b8=Q Rxf2+ 28. Kd1 Rxb8 29. Bxb8 Rg2 30. Ke1 Bf2+ 31. Kf1 Rg3 32. Ra3
Rf3 33. Rc3+ Kb6 34. Rb3+ Kxa6 {#r} 1-0

[Event "SIO (Reserve)"]
[Site "Twin Falls, ID"]
[Date "2013.11.02"]
[Round "2.3"]
[White "Porth, Darwin Albert"]
[Black "Murphy, Andre R"]
[Result "0-1"]
[WhiteElo "464"]
[BlackElo "775"]
[EventRounds "4"]
[EventCountry "USA"]

1. e4 e6 2. Nf3 d5 3. d4 c5 4. e5 Nc6 5. c3 Nge7 6. Bb5 Qb6 7. Qe2 a6 8. Ba4
Bd7 9. Ng5 Nxd4 10. cxd4 Bxa4 11. Qf3 Nf5 12. Qh5 g6 13. Qe2 Nxd4 14. Qd3 Nc2+
15. Kd1 Nb4+ 16. b3 Nxd3 17. bxa4 Nxf2+ 18. Ke1 Nxh1 19. Bd2 Qb2 20. a5 Qxa1
21. Bc3 Qxb1+ 22. Ke2 Qc2+ 23. Ke3 Qxc3+ 24. Kf4 Bh6 25. a4 Bxg5+ 26. Kg4 h6
27. h4 Nf2# 0-1

[Event "SIO (Reserve)"]
[Site "Twin Falls, ID"]
[Date "2013.11.02"]
[Round "2.4"]
[White "Porth, Dylan"]
[Black "Brimstein, Wesley"]
[Result "0-1"]
[WhiteElo "707"]
[BlackElo "646"]
[EventRounds "4"]
[EventCountry "USA"]

1. e4 e5 2. Nf3 Nc6 3. Nc3 Nf6 4. d3 Bc5 5. Be2 Ng4 6. Qd2 Bxf2+ 7. Kd1 Bc5 8.
Qg5 Qxg5 9. Nxg5 Nf2+ 10. Ke1 Nxh1 11. Nh3 O-O 12. Bg5 f6 13. Bh4 d6 14. Kd2
Bxh3 15. gxh3 Nf2 16. Bxf2 Bxf2 17. Rf1 Bc5 18. h4 Nd4 19. Bg4 c6 20. Na4 b6
21. c3 Nb5 22. Be6+ Kh8 23. h5 Nc7 24. Bc4 d5 25. exd5 cxd5 26. Bb3 g6 27. c4
dxc4 28. Bxc4 Rad8 29. d4 Rxd4+ 30. Kc3 b5 31. hxg6 Rxc4+ 32. Kd3 Rxa4 33.
gxh7 Rxa2 34. Rf3 Rxb2 35. Rh3 Rb3+ 36. Ke4 Rxh3 37. Kf5 Rxh2 38. Kg6 Rxh7 39.
Kf5 Rh5+ 40. Kg6 Rh1 41. Kf5 Rf1+ 42. Kg6 f5 43. Kg5 Rg8+ 44. Kf6 Na6 45. Kf7
Bb6 46. Kf6 Rd1 47. Kf7 f4 48. Kf6 e4 49. Kf5 Kh7 50. Kxf4 Rf8+ 51. Ke5 Rd4
52. Ke6 e3 53. Ke7 Kg8 54. Ke6 e2 55. Ke7 e1=Q# 0-1

[Event "SIO (Reserve)"]
[Site "Twin Falls, ID"]
[Date "2013.11.02"]
[Round "3.3"]
[White "Knoll, Lucas"]
[Black "Porth, Darwin Albert"]
[Result "1-0"]
[WhiteElo "1158"]
[BlackElo "464"]
[EventRounds "4"]
[EventCountry "USA"]

1. e4 e5 2. Nf3 Nc6 3. Bb5 d6 4. Bxc6+ bxc6 5. d4 Bg4 6. dxe5 dxe5 7. Qxd8+
Rxd8 8. Nc3 Bb4 9. Bd2 Bxf3 10. gxf3 Be7 11. Rg1 Bh4 12. Bg5 Bxg5 13. Rxg5 f6
14. Rxg7 Rd7 15. Rxd7 Kxd7 16. Rd1+ Ke6 17. Na4 Ne7 18. Nc5+ Kf7 19. Rd7 Rc8
20. Na6 Ke8 21. Rxc7 Kd8 22. Rxa7 h5 23. Nc5 Ng6 24. Nb7+ Ke8 25. Nd6+ Kd8 26.
Nxc8 Kxc8 27. Kd2 h4 28. Kc3 Nf4 29. Kc4 Ne2 30. Kc5 Nc1 31. Kxc6 Nxa2 32.
Ra8# 1-0

[Event "SIO (Reserve)"]
[Site "Twin Falls, ID"]
[Date "2013.11.02"]
[Round "4.3"]
[White "Murphy, Andre R"]
[Black "Porth, Dylan"]
[Result "1-0"]
[WhiteElo "775"]
[BlackElo "707"]
[EventRounds "4"]
[EventCountry "USA"]

1. d4 e6 2. Nf3 d5 3. e3 Nc6 4. Bd3 Nf6 5. O-O Bd6 6. Nbd2 e5 7. b3 e4 8. Be2
exf3 9. Nxf3 Bg4 10. c4 dxc4 11. Bxc4 Qd7 12. d5 Ne5 13. Be2 c6 14. Bb2 Bxf3
15. Bxf3 cxd5 16. Bxd5 Nxd5 17. Qxd5 Qc6 18. Rfd1 Qc7 19. Rac1 Qd7 20. Bxe5
Qe6 21. Qxe6+ fxe6 22. Bxd6 Rd8 23. Be5 Rxd1+ 24. Rxd1 O-O 25. h3 g6 26. Rd7
Rf7 27. Rd8+ Rf8 28. Rxf8+ Kxf8 29. f4 Kf7 30. Bb8 a6 31. Ba7 h5 32. g4 hxg4
33. hxg4 Kf6 34. Bd4+ Kf7 35. e4 b5 36. b4 Ke7 37. Kf2 Kf7 38. Kf3 Ke7 39. f5
exf5 40. gxf5 gxf5 41. exf5 Kf7 42. Kf4 Ke7 43. Ke5 Kf7 44. f6 Kg8 45. Ke6 Kf8
46. f7 {#r} 1-0

[Event "SIO (Reserve)"]
[Site "Twin Falls, ID"]
[Date "2013.11.02"]
[Round "4.4"]
[White "Brimstein, Wesley"]
[Black "Porth, Darwin Albert"]
[Result "1-0"]
[WhiteElo "646"]
[BlackElo "464"]
[EventRounds "4"]
[EventCountry "USA"]

1. e4 e5 2. d4 Qf6 3. dxe5 Qxe5 4. Nf3 Qa5+ 5. Qd2 Qxd2+ 6. Bxd2 d6 7. Bb5+ c6
8. Bc4 h5 9. Ng5 f6 10. Nf7 Rh7 11. Nd8 Kxd8 12. Bxg8 Rh8 13. Bc4 a5 14. O-O
b5 15. Bf7 a4 16. b3 Ke7 17. Bg6 Rh6 18. Bxh6 gxh6 19. Bxh5 Bg7 20. Nd2 Ke6
21. Bg4+ f5 22. Bxf5+ Ke5 23. Bxc8 c5 24. bxa4 bxa4 25. Bb7 Ke6 26. Bxa8 Bxa1
27. Rxa1 d5 28. exd5+ Kf6 29. Nf3 Na6 30. Rd1 Nc7 31. d6 Ne6 32. d7 Nf8 33.
d8=Q+ Kf5 34. Qxf8+ Ke6 35. Qxc5 Kf6 36. Rd6+ Kf7 37. Qc7+ Kf8 38. Rd8# 1-0

[Event "WIO (Reserve)"]
[Site "Boise, ID"]
[Date "2013.12.14"]
[Round "1.2"]
[White "Porth, Desmond"]
[Black "Porth, Dylan"]
[Result "1/2-1/2"]
[WhiteElo "2244"]
[BlackElo "2244"]
[EventRounds "5"]
[EventCountry "USA"]

1. e4 e6 2. Bb5 c6 3. Ba4 Nf6 4. e5 Ne4 5. d3 Nc5 6. Bb3 Nxb3 7. axb3 d5 8. d4
c5 9. c3 Nc6 10. Nf3 Be7 11. O-O Qb6 12. Be3 Bd7 13. Ra3 cxd4 14. Bxd4 Nxd4
15. Ra1 Qxb3 16. Nxd4 Qxb2 17. Nd2 Qxc3 18. N2f3 O-O 19. Rc1 Qa3 20. Rc7 Bc6
21. Nxc6 bxc6 22. Rxc6 Rfc8 23. Qc2 Rxc6 24. Qxc6 Rd8 25. Rc1 a5 26. Rc3 Qb4
27. Qc7 a4 {#d} 1/2-1/2

[Event "WIO (Reserve)"]
[Site "Boise, ID"]
[Date "2013.12.14"]
[Round "2.3"]
[White "Simonson, Jay L"]
[Black "Porth, Desmond"]
[Result "0-1"]
[WhiteElo "727"]
[BlackElo "1280"]
[EventRounds "5"]
[EventCountry "USA"]

1. Nf3 c6 2. d4 d5 3. Bf4 Bf5 4. e3 e6 5. Nc3 a6 6. Be2 c5 7. O-O Nc6 8. a3
Nf6 9. Ng5 Be7 10. dxc5 Bxc5 11. Na4 Bd6 12. Bxd6 Qxd6 13. e4 Nxe4 14. Nxe4
Bxe4 15. Nb6 Rd8 16. Qd2 e5 17. Qg5 O-O 18. c3 d4 19. Rad1 Qc5 20. Nc4 dxc3
21. bxc3 b5 22. Nxe5 Qxe5 23. Qxe5 Nxe5 24. Rxd8 Rxd8 25. h3 Bd3 26. Rd1 f6
27. f4 Nc4 28. Rxd3 Rxd3 29. Bxd3 Nxa3 30. Kf1 Kf7 31. Ke1 h6 32. h4 Nc4 33.
Kd1 Ne3+ 34. Kd2 Nxg2 35. h5 Nxf4 36. Bg6+ Nxg6 37. hxg6+ Kxg6 38. Kd3 h5 39.
Kd4 h4 {#R} 0-1

[Event "WIO (Reserve)"]
[Site "Boise, ID"]
[Date "2013.12.14"]
[Round "3.2"]
[White "Porth, Desmond"]
[Black "Knoll, Lucas"]
[Result "0-1"]
[WhiteElo "1280"]
[BlackElo "1180"]
[EventRounds "5"]
[EventCountry "USA"]

1. e4 e5 2. Nf3 Nc6 3. Bb5 a6 4. Ba4 Nf6 5. O-O Bc5 6. h3 O-O 7. Re1 d6 8. c3
b5 9. Bb3 Be6 10. Bxe6 fxe6 11. d4 exd4 12. cxd4 Bb4 13. Nc3 d5 14. Bg5 Qd7
15. exd5 Nxd5 16. Rc1 Nxc3 17. bxc3 Ba3 18. Rc2 Rae8 19. Ne5 Nxe5 20. Rxe5 Rf5
21. Rce2 Bd6 22. Rxf5 exf5 23. Qb3+ Kf8 24. Rxe8+ Qxe8 25. g3 Qe1+ 26. Kg2
Qe4+ 27. Kf1 Qh1+ 28. Ke2 Qxh3 29. Qd5 Qg4+ 30. Kf1 Qxg5 31. Qa8+ Ke7 32. Qxa6
Qc1+ 33. Kg2 Qxc3 34. d5 Qc4 35. Qa8 f4 36. g4 f3+ 37. Kxf3 Qf4+ 38. Ke2 Qe4+
39. Kf1 Qxg4 40. Qc6 Qc4+ 41. Qxc4 bxc4 42. Ke2 h5 43. a4 h4 44. a5 h3 45. a6
Bc5 {#R} 0-1

[Event "WIO (Reserve)"]
[Site "Boise, ID"]
[Date "2013.12.15"]
[Round "4.2"]
[White "Blake, Isaac"]
[Black "Porth, Dylan"]
[Result "0-1"]
[WhiteElo "1067"]
[BlackElo "657"]
[EventRounds "5"]
[EventCountry "USA"]

1. Nf3 d5 2. d3 e6 3. Nbd2 Nf6 4. g3 h6 5. Bg2 Nc6 6. O-O Bc5 7. h3 Bd7 8. Re1
Qe7 9. e4 d4 10. e5 Nd5 11. Nb3 f6 12. c4 Nb6 13. Bf4 O-O-O 14. Nh4 Be8 15.
Bxc6 bxc6 16. Qd2 g5 17. exf6 Qxf6 18. Nxc5 gxf4 19. gxf4 Qxh4 20. Nxe6 Rd7
21. c5 Qxh3 22. Re5 Rg8+ 23. Rg5 hxg5 24. Nxg5 Rxg5+ 25. fxg5 Rh7 26. f4 Qh1+
27. Kf2 Qh2+ 28. Ke1 Qg1+ 29. Ke2 Qxa1 30. Kf3 Nd7 31. Qe2 Bh5+ 32. Kf2 Bxe2
33. Kxe2 Rh3 34. g6 Qxb2+ 35. Ke1 Rh1# 0-1

[Event "WIO (Reserve)"]
[Site "Boise, ID"]
[Date "2013.12.15"]
[Round "5.1"]
[White "Roberts, Zane A"]
[Black "Porth, Dylan"]
[Result "1/2-1/2"]
[WhiteElo "1210"]
[BlackElo "657"]
[EventRounds "5"]
[EventCountry "USA"]

1. e4 e6 2. d4 d5 3. Nc3 Bb4 4. e5 c5 5. dxc5 Bxc5 6. Qg4 g6 7. Bb5+ Bd7 8.
Bxd7+ Nxd7 9. f4 Qb6 10. Nge2 Bf2+ 11. Kf1 h5 12. Qf3 Bc5 13. Na4 Qb5 14. Nxc5
Nxc5 15. Kg1 {#d} 1/2-1/2

[Event "Mountain Home Open"]
[Site "Mountain Home, ID"]
[Date "2014.01.11"]
[Round "1.1"]
[White "Porth, Desmond"]
[Black "Murphy, Andre"]
[Result "1-0"]
[WhiteElo "1058"]
[BlackElo "1000"]
[EventRounds "4"]
[EventCountry "USA"]

1. e4 e6 2. e5 c5 3. c3 Nc6 4. d4 d6 5. dxc5 dxc5 6. Qxd8+ Nxd8 7. Nf3 Nc6 8.
Bb5 Bd7 9. O-O Nge7 10. Be3 a6 11. Bd3 g6 12. Bxc5 Bg7 13. Re1 O-O 14. Nbd2
Rac8 15. Be4 Nxe5 16. Bxe7 Nxf3+ 17. Nxf3 Rfe8 18. Bb4 Bc6 19. Bxc6 Rxc6 20.
Rad1 Bf8 21. Bxf8 Rxf8 22. Rd7 b5 23. Ne5 Rb6 24. a3 Ra8 25. Rxf7 Rab8 26. Re3
Rd8 27. g3 Rd1+ 28. Kg2 Rd2 29. g4 Rxb2 30. Rh3 Rd6 31. Rhxh7 Rdd2 32. Rfg7+
Kf8 33. Nxg6+ Ke8 34. Rh8# 1-0

[Event "Mountain Home Open"]
[Site "Mountain Home, ID"]
[Date "2014.01.11"]
[Round "2.3"]
[White "Eacker, Barry D"]
[Black "Porth, Desmond"]
[Result "1-0"]
[WhiteElo "1634"]
[BlackElo "1058"]
[EventRounds "4"]
[EventCountry "USA"]

1. d4 d5 2. Nc3 c6 3. Bg5 Bf5 4. e3 Qc7 5. Nf3 e6 6. Bd3 Bxd3 7. cxd3 c5 8.
Bf4 Bd6 9. Qa4+ Nd7 10. Nb5 Qc6 11. Nxd6+ Ke7 12. Nb5 a6 13. Nc3 b5 14. Qc2
cxd4 15. Nxd4 Qc8 16. Rc1 e5 17. Nxd5+ Kd8 18. Nc6+ Ke8 19. Nxe5 Qxc2 20. Rxc2
Nxe5 21. Bxe5 f6 22. Nc7+ Ke7 23. Nxa8 fxe5 24. Ke2 {#r} 1-0

[Event "Mountain Home Open"]
[Site "Mountain Home, ID"]
[Date "2014.01.11"]
[Round "2.7"]
[White "Marchant, Dena"]
[Black "Porth, Darwin"]
[Result "1-0"]
[WhiteElo "1000"]
[BlackElo "1000"]
[EventRounds "4"]
[EventCountry "USA"]

1. e4 e6 2. f4 d5 3. e5 Nc6 4. Nf3 f6 5. d4 Bb4+ 6. c3 Ba5 7. b4 Bb6 8. Be2 a5
9. Ba3 Qe7 10. b5 Qf7 11. bxc6 bxc6 12. O-O g5 13. fxg5 fxg5 14. Nxg5 Qd7 15.
Bh5+ Kd8 16. Qf3 Qg7 17. Nf7+ Ke8 18. Nxh8+ Kd8 19. Nf7+ Ke8 20. Ng5+ Kd8 21.
Nxe6+ Bxe6 22. Nd2 Qh6 23. Nb3 c5 24. Nxc5 Bxc5 25. Bxc5 Qd2 26. Qf8+ Kd7 27.
Qxa8 Qxc3 28. Qe8# 1-0

[Event "Mountain Home Open"]
[Site "Mountain Home, ID"]
[Date "2014.01.11"]
[Round "3.5"]
[White "Porth, Desmond"]
[Black "Marchant, Dena"]
[Result "1-0"]
[WhiteElo "1058"]
[BlackElo "1000"]
[EventRounds "4"]
[EventCountry "USA"]

1. e4 e5 2. Nf3 d6 3. Bb5+ c6 4. Ba4 Bg4 5. Bb3 Qf6 6. d3 Bxf3 7. gxf3 Nd7 8.
Be3 O-O-O 9. Bxa7 Be7 10. Qe2 c5 11. Nc3 Qg5 12. Bd5 b6 13. d4 exd4 14. Qa6+
Kc7 15. Nb5# 1-0

[Event "Mountain Home Open"]
[Site "Mountain Home, ID"]
[Date "2014.01.11"]
[Round "3.7"]
[White "Porth, Darwin"]
[Black "Crowson, Keegan"]
[Result "0-1"]
[WhiteElo "1000"]
[BlackElo "1000"]
[EventRounds "4"]
[EventCountry "USA"]

1. e4 c5 2. d4 d6 3. c3 Nc6 4. Bb5 Bd7 5. f3 e5 6. h3 exd4 7. cxd4 cxd4 8. Ne2
Ne5 9. Nxd4 Bxb5 10. Nxb5 Qa5+ 11. N5c3 g6 12. Qc2 Ne7 13. O-O d5 14. exd5
Nxd5 15. Nxd5 Qxd5 16. Qc3 Qc5+ 17. Qe3 Bd6 18. Qxc5 Bxc5+ 19. Kh1 O-O-O 20.
b3 Bd4 21. Rd1 Bxa1 22. Rxd8+ Rxd8 23. Be3 Nc6 24. Bg5 Rd5 25. Be3 Be5 26. Nd2
Nb4 27. a3 Nc2 28. Nc4 Bb8 29. Bc1 Rd1# 0-1